LEADER 00607nas a2200157 i 4500 001 000000014418 003 CaOOAMICUS 005 20180830125442.0 008 180830s1955 it u0 ita u 040 $aSeMil$bita 245 10$aStudi e testi passionisti. 260 $aS.l. :$bEdizioni Eco,$c1955. 300 $av. ;$c25 cm. 774 0 $aLaer, Hilarion : van$tSaint Paul de la Croix et le Saint-Siège.$dSan Gabriele dell'Addolorata (TE) : Edizioni Eco, 1957.$g3$w()21621 996 $6245$aStudi e testi passionisti$9(OLS)http://semarc/title/19135 996 $6260$aS.l. :$bEdizioni Eco$9(OLS)http://semarc/publisher/33900 LEADER 00850nam a2200217 i 4500 001 000000214318 003 CaOOAMICUS 005 20260212142806.0 008 120706s1936 xx u000 u lat u 013 $a193189 040 $aSeMil$bita 245 10$aCatechismi Germanici. 300 $a380 p. :$bill. 490 0 $aSocietatis Iesu selecti scriptores ;$v2 773 0 $aPietro : Canisio $tCatechismi Latini et Germanici.$dRomae : Pontificia Universitas Gregoriana, 1933-1936.$gPars2$w()581 773 0 $tOperum S. Petri Canisii.$g1$w()27040 830 0$aSocietatis Iesu selecti scriptores ;$v2.$0(OLS)http://semarc/title/36548 850 $aSeMil 852 $aSeMil$W1$xVenegono$y1$m2E V 12$j164742$B164742$CSeMilBibl$Z2$F175715 $81 996 $6245$aCatechismi Germanici$9(OLS)http://semarc/title/308796